000
00242nam a22001097a 4500
082
_a
709 VIN'H
100
_a
VINCENT, JEAN ANNL
_9
57668
245
_a
HISTORY OF ART
260
_a
NEWYORK
_b
BARNES & NOBLE
_c
1955
300
_a
295P
942
_c
BK
999
_c
567941
_d
567941